<The> Issue of Asylum Policy and Law in the German Speaking Countries and in Slovakia

Migrácia a prisťahovalectvo v nemecky hovoriacich krajinách a na Slovensku. Politické a inštitucionálne rámce migrácie v nemecky hovoriacich krajinách a na Slovensku. Legislatívny rámec pre azyl na Slovensku a v nemecky hovoriacivh krajinách. Azylové právo z hľadiska súčasnéj migračnej krízy. Azylov...

Descrizione completa

Salvato in:
Dettagli Bibliografici
Autore principale: Štefaňáková, Jana
Natura: Capitolo di libro
Lingua:inglese
Soggetti:
Tags: Aggiungi Tag
Nessun Tag, puoi essere il primo ad aggiungerne!!

MARC

LEADER 00000naa a2200000 4500
001 0252579
005 20190405093118.5
041 0 |a eng 
044 |a SK 
245 1 0 |a <The> Issue of Asylum Policy and Law in the German Speaking Countries and in Slovakia  |c Jana Štefaňáková 
520 |a Migrácia a prisťahovalectvo v nemecky hovoriacich krajinách a na Slovensku. Politické a inštitucionálne rámce migrácie v nemecky hovoriacich krajinách a na Slovensku. Legislatívny rámec pre azyl na Slovensku a v nemecky hovoriacivh krajinách. Azylové právo z hľadiska súčasnéj migračnej krízy. Azylové konanie na území Rakúska, Švajčiarska a Slovenskej republiky. Žiadateľ o azyl, utečenci a súvisiace pojmy. 
610 2 0 |a politika migračná 
610 2 0 |a politika azylová 
610 2 0 |a Slovensko 
610 2 0 |a Rakúsko 
610 2 0 |a Nemecko 
610 2 0 |a Švajčiarsko 
610 2 0 |a legislatíva 
610 2 0 |a azyl 
100 1 |a Štefaňáková, Jana